| 000 | 01557nac a2200301 a 4500 | ||
|---|---|---|---|
| 003 | CO-PeBPM | ||
| 005 | 20251024201521.0 | ||
| 008 | 251024s2024 ck a|||| |||| 00| 0 spa d | ||
| 020 | _a9789585084582 | ||
| 040 |
_aCO-PeBPM _bspa _cCO-PeBPM _erda |
||
| 041 | _aspa | ||
| 082 | 0 | 4 |
_a658.4 A779h _222 |
| 100 | 1 |
_aArroyo, Tovar Ruth _eautora |
|
| 245 | 1 | 0 |
_aHabilidades gerenciales _b: Desarrollo de destrezas, competencias y actitud _c/ Ruth Arroyo Tovar |
| 250 | _aEdición especial | ||
| 260 |
_aBogotá, Colombia _b: Ecoe Ediciones _c, 2024 |
||
| 300 |
_a389 páginas _bilustraciones en blanco y negro _c23,5 centimetros |
||
| 490 | _aPlan Nacional de Lectura, Escritura y Oralidad / Ministerio de Cultura, Las Artes y los Saberes | ||
| 500 | _aIncluye índice | ||
| 500 | _aContiene datos biográficos del autor en la solapa del texto | ||
| 504 | _aIncluye Referencias bibliográficas al final del texto | ||
| 520 | _aLas habilidades gerenciales son competencias blandas que complementan el ser individual, integrando comportamiento, valores, actitud y voluntad. Estas habilidades permiten trabajar eficazmente con otros, comunicarse y obtener resultados. Este libro aborda estas competencias necesarias para el liderazgo, la gestión emocional, la creatividad, la toma de decisiones y el trabajo en equipo. | ||
| 650 | 1 | 4 |
_aAptitud de mando _2LEMB |
| 650 | 1 | 4 |
_aLiderazgo empresarial _2LEMB |
| 650 | 1 | 4 |
_a Éxito en los negocios _2LEMB |
| 942 |
_2ddc _cBK _n0 |
||
| 999 |
_c61380 _d61380 |
||